Il cambiamento, moda o necessità (Record n. 226043)
[ formato base ]
| 000 -LEADER | |
|---|---|
| campo di controllo lung. fissa | 00725nas a2200241Ia 4500 |
| 001 - Numero di controllo | |
| campo di controllo | A03/R024-50695 |
| 003 - Identificatore del numero di controllo | |
| campo di controllo | IT-MiCISF |
| 005 - Data e orario dell'ultima transazione | |
| campo di controllo | 20250606111336.0 |
| 008 - Elementi di lunghezza fissa--Informazione generale | |
| campo di controllo lung. fissa | 161014c99999999xx |||||||||||| ||und|| |
| 040 ## - Fonte della catalogazione | |
| Agenzia catalografica originale | IT-MiCISF |
| Agenzia che fa la trascrizione | IT-MiCISF |
| 041 ## - Codice di lingua | |
| Codice di lingua del testo/traccia sonora o titolo separato | it |
| 100 ## - Accesso principale -- nome di persona | |
| Nome di persona | Vigna Carmelo (et al.) |
| 9 (RLIN) | 61020 |
| 245 #0 - Formulazione del titolo | |
| Titolo | Il cambiamento, moda o necessità |
| 250 ## - Formulazione di edizione | |
| Formulazione di edizione | "Famiglia oggi", n. 1, gennaio-febbraio |
| 260 ## - Pubblicazione, distribuzione, ecc. (stampa) | |
| Data di pubblicazione, distribuzione, ecc. | 2012 |
| 300 ## - Descrizione fisica | |
| Estensione | pp. 6-45 |
| 500 ## - Nota generale | |
| Nota generale | cambiamento, filosofia, famiglia, società, welfare, rapporti-familiari, psicologia |
| 650 ## - Accesso aggiunto di soggetto--termine topico | |
| Termine topico o nome geografico come accesso | Famiglia |
| 654 ## - Accesso aggiunto di soggetto--termini topici faccettati | |
| Termine principale | dossier |
| 700 ## - Accesso aggiunto--nome di persona | |
| Nome di persona | Mozzanica C.M., Tronconi A., Cambiaso G., Zattoni M., Gillini G. |
| 9 (RLIN) | 62252 |
| 942 ## - Dati aggiuntivi (Koha) | |
| Tipo copia default (Koha) | RIVISTA |
| Fonte della classificazione o dello schema di collocazione (segnatura) | Dewey Decimal Classification |
| 999 ## - Sys Number locale (Koha) | |
| Koha Dewey Subclass [OBSOLETE] | Si |
| Ritirato (status) | Perso (status) | Danneggiato (status) | Non per il presito | Biblioteca proprietaria | Biblioteca in cui si trova | Data d'acquisizione | Totale prestiti | Collocazione | Data ultima operazione | Prezzo in vigore dal | Tipo copia default (Koha) | Nota pubblica |
|---|---|---|---|---|---|---|---|---|---|---|---|---|
| Buone Condizioni | Not For Loan | CISF - Milano | CISF - Milano | 14/10/2016 | A03/R024-50695 | 14/10/2016 | 14/10/2016 | RIVISTA | Data import 15.10.2016 / by Epidotti, Vaglietti |